[Event "FICGS rapid B 000347 email"]
[Site "FICGS email"]
[Date "2020.06.19"]
[Round "1"]
[White "Pech, Jaroslav Sr"]
[Black "Quintero, Raul"]
[Result "1-0"]
[WhiteElo "1934"]
[BlackElo "1863"]
[PlyCount "77"]
[EventDate "2020.??.??"]
[EventType "tourn (rapid)"]
[EventRounds "6"]
[SourceTitle "Corr 2022"]
[Source "ChessBase"]
[SourceDate "2021.10.24"]
[SourceVersion "1"]
[SourceVersionDate "2021.10.24"]
[SourceQuality "1"]

1. d4 Nf6 2. c4 d6 3. Nc3 g6 4. e4 Bg7 5. Nf3 0-0 6. Be2 c6 7. 0-0 Qc7 8. Be3 e5 9. d5 c5 10. Ne1 a6 11. h3 Nbd7 12. Qc2 b6 13. Rc1 Bb7 14. Qd2 Rfe8 15. a3 Rab8 16. Bg5 h5 17. Be3 Kh7 18. Nf3 Kh8 19. Bd3 Rf8 20. Rfe1 Nh7 21. Rb1 Rbe8 22. Bc2 Bc8 23. Qe2 Rg8 24. b4 Ref8 25. Ba4 f6 26. Nh4 Bh6 27. Bxh6 Rf7 28. Qd3 Qd8 29. Qg3 Ng5 30. Qe3 Nf8 31. Rb2 Nfh7 32. bxc5 bxc5 33. Rb8 Rb7 34. Rxb7 Bxb7 35. Qd3 Nf7 36. Bd2 Qe7 37. Rb1 Bc8 38. Rb8 g5 39. Rxc8 1-0